Phát triển tư duy cho học sinh thông qua dạy học ở bậc trung học cơ sở Luận văn thạc Toán học. Chuyên ngành.LL&PPDH Bộ môn Toán . Mã số: 60 14 10

Tallennettuna:
Bibliografiset tiedot
Päätekijä: Thiều, Ngọc Lượm
Muut tekijät: Nguyễn Văn Thuận (Hướng dẫn)
Aineistotyyppi: Opinnäyte Kokoelma Kirja
Julkaistu: Nghệ An Đại học Vinh 2012
Aiheet:
Tagit: Lisää tagi
Ei tageja, Lisää ensimmäinen tagi!
Thư viện lưu trữ: Trung tâm Học liệu Lê Vũ Hùng, Trường Đại học Đồng Tháp
LEADER 01171ppm a22003138a 4500
001 00036583
008 170310s2012 ||||||Viesd
005 20171026081025.0
041 0 # |a Vie 
082 1 4 |a 510.7  |b PH110TR 
100 1 # |a Thiều, Ngọc Lượm 
245 0 0 |a Phát triển tư duy cho học sinh thông qua dạy học ở bậc trung học cơ sở  |b Luận văn thạc Toán học. Chuyên ngành.LL&PPDH Bộ môn Toán . Mã số: 60 14 10  |c Thiều Ngọc Lượm ; Nguyễn Văn Thuận(hướng dẫn) 
260 # # |a Nghệ An  |b Đại học Vinh  |c 2012 
300 # # |a 111tr.  |c 30cm. 
500 # # |a ĐTTTS ghi: Bộ giáo dục và đào tạo. Đại học Vinh 
653 # # |a Giáo dục 
653 # # |a Học sinh 
653 # # |a Tư duy 
653 # # |a Toán học 
653 # # |a THCS 
653 # # |a Luận văn 
700 1 # |e Hướng dẫn  |a Nguyễn Văn Thuận 
852 # # |j LV.0001168 
852 # # |b Kho đọc SĐH  |j LV.0001168 
910 |d 10/03/2017 
980 # # |a Trung tâm Học liệu Lê Vũ Hùng, Trường Đại học Đồng Tháp